Loading...
| History - European History | 1 | 1 | 0 | 0 | 25 | 72 | 81.50 | 0 | 2 |
| Literature - World Literature | 1 | 1 | 0 | 1 | 25 | 68 | 103.00 | 0 | 2 |
| Geography | 0 | 2 | 0 | 2 | 20 | 127 | 128.50 | 0 | 2 |
| History - American History | 0 | 2 | 1 | 1 | 15 | 72 | 101.50 | 0 | 2 |
| Social Science- Edited | 0 | 1 | 0 | 0 | 10 | 89 | 89.00 | 0 | 1 |
| History - Other History | 0 | 1 | 0 | 0 | 10 | 139 | 139.00 | 0 | 1 |
| Literature - American Literature | 0 | 1 | 0 | 0 | 10 | 129 | 129.00 | 0 | 1 |
| Literature - European Literature | 0 | 1 | 0 | 0 | 10 | 139 | 139.00 | 0 | 1 |
| Mythology | 0 | 1 | 0 | 0 | 10 | 70 | 70.00 | 0 | 1 |
| Other Academic | 0 | 1 | 0 | 0 | 10 | 108 | 108.00 | 0 | 1 |
| Science - Biology | 0 | 1 | 0 | 1 | 10 | 122 | 122.00 | 0 | 1 |
| Philosophy | 0 | 1 | 1 | 0 | 5 | 128 | 128.00 | 0 | 1 |
| History - World History | 0 | 1 | 1 | 0 | 5 | 73 | 73.00 | 1 | 1 |
| Literature - British Literature | 0 | 0 | 0 | 0 | 0 | 0.00 | 0 | 0 | |
| Religion | 0 | 0 | 0 | 0 | 0 | 0.00 | 0 | 0 |